La protection légale des travailleurs (Registro nro. 180311)

Detalles MARC
000 -LEADER
campo de control de longitud fija 01897nam a2200229 i 4500
001 - NÚMERO DE CONTROL
campo de control 180311
003 - IDENTIFICADOR DE NÚMERO DE CONTROL
campo de control ES-MaACL
005 - FECHA Y HORA DE LA ÚLTIMA TRANSACCIÓN
campo de control 20250809000519.0
008 - DATOS DE LONGITUD FIJA--INFORMACIÓN GENERAL
campo de control de longitud fija 120528s1904 fr |||| | fre d
245 03 - MENCIÓN DEL TÍTULO
Título La protection légale des travailleurs
Resto del título : discussions de la Section nationale française [de l'Association internationale pour la protection légale des travailleurs].
260 ## - PUBLICACIÓN, DISTRIBUCIÓN, ETC.
Lugar de publicación, distribución, etc. Paris :
Nombre del editor, distribuidor, etc. Félix Alcan,
Fecha de publicación, distribución, etc. 1904.
300 ## - DESCRIPCIÓN FÍSICA
Extensión XII, 372 p. ;
Dimensiones 18 cm.
490 1# - MENCIÓN DE SERIE
Mención de serie Association nationale française pour la protection légale des travailleurs ;
Designación de volumen o secuencia Série 1
505 8# - NOTA DE CONTENIDO CON FORMATO
Nota de contenido con formato Contiene: 11 textes formant la 1ère série des publications de l'Association: Introd. André Lichtenberger, L'Association internationale pour la protection légale des travailleurs...; 1: Georges Fauquet, La protection légale des femmes avant et après l'accouchement; 2: Ivan Strohl; François Fagnot, La réglementation hebdomadaire de la durée du travail...; 3: Étienne Martin Saint-Léon, L'âge d'admission des enfants au travail industriel...; 4: Henriette Brunhes, La Ligue sociale d'acheteurs; 5: A. Artaud, La protection légale de l'employé...; 6: abbé Lemire, La réglementation de la durée du travail dans les mines; 7: François Fagnot: La réglementation de la durée du travail en chambre; 8: René Pinon; La protection des travailleurs indigènes aux colonies; 9: Raoul Jay, L'emploi des enfants dans les théâtres et cafés-concerts; 10: Henri Hayem, Le droit de citation directe pour les associations
650 #7 - PUNTO DE ACCESO ADICIONAL DE MATERIA--TÉRMINO DE MATERIA
Término de materia o nombre geográfico como elemento de entrada Derecho laboral
Fuente del encabezamiento o término embne
9 (RLIN) 135885
650 04 - PUNTO DE ACCESO ADICIONAL DE MATERIA--TÉRMINO DE MATERIA
Término de materia o nombre geográfico como elemento de entrada Trabajadores.
9 (RLIN) 17577
710 2# - ENTRADA AGREGADA--NOMBRE DE ENTIDAD CORPORATIVA
Nombre de entidad corporativa o nombre de jurisdicción como elemento de entrada Association Nationale Française pour la Protection Légale des Travailleurs.
9 (RLIN) 150138
830 0# - PUNTO DE ACCESO ADICIONAL DE SERIE-TÍTULO UNIFORME
Título uniforme Association nationale française pour la protection légale des travailleurs ;
Designación de volumen o secuencia Série 1
9 (RLIN) 191246
852 ## - LOCALIZACIÓN
Ubicación ES-MaACL
Número de control de estantería D-1413
852 ## - LOCALIZACIÓN
Ubicación ES-MaACL
Número de control de estantería D-1267
Existencias
Estatus retirado Estado de pérdida Estado de daño No para préstamo Biblioteca de origen Biblioteca actual Ubicación en estantería Fecha de adquisición Fuente de adquisición Total de préstamos Signatura topográfica completa Código de barras Visto por última vez Precio de reemplazo Tipo de ítem Koha
        Biblioteca del Ateneo de Madrid Biblioteca del Ateneo de Madrid Sala Valle Inclán 28/05/2012     D-1267 901189466 23/02/2023 23/02/2023 Libro impreso
        Biblioteca del Ateneo de Madrid Biblioteca del Ateneo de Madrid Sala Valle Inclán 28/05/2012     D-1413 901189465 23/02/2023 23/02/2023 Libro impreso